<?xml version="1.0" encoding="UTF-8"?>
<record
    xmlns:xsi="http://www.w3.org/2001/XMLSchema-instance"
    xsi:schemaLocation="http://www.loc.gov/MARC21/slim http://www.loc.gov/standards/marcxml/schema/MARC21slim.xsd"
    xmlns="http://www.loc.gov/MARC21/slim">

  <leader>00407cas2a220015700 4500</leader>
  <controlfield tag="001">zam00004431</controlfield>
  <controlfield tag="008">951212n        xx                  eng u</controlfield>
  <datafield tag="022" ind1=" " ind2=" ">
    <subfield code="a">0021-0552</subfield>
  </datafield>
  <datafield tag="035" ind1=" " ind2=" ">
    <subfield code="a">(Sirsi) r21702</subfield>
  </datafield>
  <datafield tag="035" ind1=" " ind2=" ">
    <subfield code="a">(MACHINE)00886</subfield>
  </datafield>
  <datafield tag="245" ind1="0" ind2="0">
    <subfield code="a">owa law review.</subfield>
  </datafield>
  <datafield tag="260" ind1=" " ind2=" ">
    <subfield code="a">Iowa City :</subfield>
    <subfield code="b">University Iowa.</subfield>
  </datafield>
  <datafield tag="650" ind1=" " ind2=" ">
    <subfield code="a">Law.</subfield>
    <subfield code="6">S3984.1</subfield>
  </datafield>
  <datafield tag="949" ind1=" " ind2=" ">
    <subfield code="a">K1</subfield>
    <subfield code="w">lcc</subfield>
    <subfield code="i">-20994</subfield>
    <subfield code="m">MAIN</subfield>
    <subfield code="p">000</subfield>
    <subfield code="t">BOOK</subfield>
    <subfield code="l">ON-SHELF</subfield>
  </datafield>
  <controlfield tag="004">21702</controlfield>
  <datafield tag="999" ind1=" " ind2=" ">
    <subfield code="c">176264</subfield>
    <subfield code="d">176264</subfield>
  </datafield>
</record>
